Państwa, które nie mają dostępu do morza/oceanów. - Statystyki

Ogólne statystyki
  • Ten quiz został rozwiązany 194 razy
  • Średni wynik to 32 z 45
Statystyki odpowiedzi
Oceany/Morza Państwo % Poprawnych
Europa Czechy
96%
Europa Słowacja
94%
Europa Białoruś
92%
Europa Węgry
92%
Europa Andora
90%
Europa Austria
90%
Europa Serbia
89%
Europa Szwajcaria
89%
Europa Watykan
89%
Europa Luksemburg
88%
Europa San Marino
88%
Europa Liechtenstein
87%
Azja Kazachstan
84%
Europa Kosowo
82%
Azja Mongolia
82%
Europa Mołdawia
81%
Europa Macedonia Północna
80%
Azja Tadżykistan
76%
Ameryka Poł. Boliwia
75%
Afryka Niger
75%
Azja Nepal
74%
Afryka Czad
73%
Ameryka Poł. Paragwaj
73%
Azja Uzbekistan
73%
Azja Afganistan
72%
Azja Kirgistan
72%
Azja Turkmenistan
71%
Azja Armenia
69%
Afryka Mali
68%
Afryka Sudan Południowy
66%
Azja Bhutan
65%
Azja Azerbejdzan
58%
Azja Laos
58%
Afryka Etiopia
56%
Afryka Zambia
56%
Afryka Republika Środkowoafrykanska
55%
Afryka Uganda
54%
Afryka Rwanda
53%
Afryka Zimbabwe
52%
Afryka Botswana
50%
Afryka Burundi
49%
Afryka Burkina Faso
48%
Afryka Malawi
43%
Afryka Suazi
41%
Afryka Lesetho
9%
Nie znaleziono quizów pasujących do podanych kryteriów
Rozkład punktacji
Procent ludzi z każdym wynikiem
Percentyl według liczby udzielonych odpowiedzi
Twoja historia wyników
Nie rozwiązałeś tego quizu